000 00491nam a2200181Ia 4500
001 18817
005 20260306171658.0
008 260306s9999||||xx |||||||||||||| ||und||
041 _aESP
082 _a658.5
_bM86
100 _aMora García, Luis Anibal
_eAUT
245 0 _aIndicadores de la gestión logística:
_blos indicadores claves del desempeño logístico
260 _c2007
300 _a124 páginas :
_c23 cm.
650 _aGEN
654 _aCAN
942 _cLIB
_dJUS
_fJUS
_2ddc
_n
999 _c18817
_d18817